[Event "LSS SB-2010-0-00123"]
[Site "LSS email"]
[Date "2010.12.15"]
[Round "?"]
[White "Taranin, Konstantin"]
[Black "Bosac, Victor"]
[Result "1-0"]
[WhiteElo "1972"]
[BlackElo "1033"]
[PlyCount "43"]
[EventDate "2010.11.19"]
[EventType "tourn (corr)"]
[EventRounds "6"]
[EventCountry "GER"]
[SourceTitle "Telechess CBM 151"]
[Source "ChessBase"]
[SourceDate "2012.11.13"]
[SourceVersion "1"]
[SourceVersionDate "2012.11.13"]
[SourceQuality "1"]

1. e4 c5 2. Nf3 d6 3. d4 cxd4 4. Nxd4 Nf6 5. Nc3 a6 6. Be3 e6 7. g4 Be7 8. g5 Nfd7 9. f4 b5 10. Qd2 Bb7 11. f5 e5 12. f6 gxf6 13. Nf5 Nc5 14. gxf6 Bf8 15. Ng7+ Bxg7 16. fxg7 Rg8 17. Bxc5 dxc5 18. Qh6 Nd7 19. Bh3 Nf6 20. Rd1 Qb6 21. Rf1 Ke7 22. Rxf6 1-0